000 01273nam2a22002291 4500
001 rc\639540
005 20250621222153.0
035 _a(NLR Aleph) 005951442
090 _a6768280
_c6768280
100 _a20031121d1986 |||y0rusy50 ca
101 0 _arus
102 _aRU
105 _ay |||||||||
200 0 _a...в 1987 году по состоянию на 1 сент. 1986 г.
210 _d1986
_aБ. м.
215 _a117 с.
461 0 _1001rc\639539
_12001#$aКаталог продукции, поставляемой Пермским НПО "Парма" ...$fМ-во приборостроения, средств автоматизации и систем упр. ...$v...в 1987 году по состоянию на 1 сент. 1986 г.
_96768273
_a"Парма", пермское науч.-произв. об-ние
_cПермь
_d1986
_fМ-во приборостроения, средств автоматизации и систем упр. ...
_nНПО "Парма"
_tКаталог продукции, поставляемой Пермским НПО "Парма" ...
_v...в 1987 году по состоянию на 1 сент. 1986 г.
801 0 _aRU
_bNLR
_gpsbo
801 1 _aRU
_bELAR
_2rusmarc
852 _aNLR
_bПт
_j20.7/281
942 _cBOOK
980 _aNB